000
00348cam a2200157 4500
001
D13974
008
090401t1955 xxu||||| |||| 00| 0 eng d
035
_a
(Sirsi) u12566
041
_a
eng
245
_a
Star atlas for land surveyors
260
_a
London
_b
HMSO
_c
1955
350
_a
0
520
_a
Shelf 135
942
_n
0
948
_c
04/03/1997
999
_c
87007
_d
87007